| 000 | 00440nam a22001457a 4500 | ||
|---|---|---|---|
| 080 | _a351.87 Ay 15 | ||
| 100 | _aAyarragaray, Carlos A. | ||
| 245 |
_aEl Mito de la Justicia en la Historia _bestudio doctrinario, històrico, legal, antropològico, sociològico y religioso |
||
| 260 |
_aBuenos Aires _bVìctor P. de Zavalìa _c1975 |
||
| 300 | _a348 P. | ||
| 650 | _xhistoria | ||
| 650 | _xjusticia | ||
| 945 |
_acd _d2015-05-26 |
||
| 999 |
_c3944 _d234448 |
||
| 942 | _6_ | ||